000 00568nam a22001697a 4500
005 20251108172548.0
008 250721s9999 xx 000 0 ara d
082 1 4 _a956.085/سعي
100 1 _aالسعيد، نوري
245 1 0 _aمذكرات نوري السعيد عن الحركات الفكرية للجيش العربي /
264 1 _aبيروت :
_bالدار العربية للعلوم،
_c[ - 19].
300 _a117 ص.
650 1 7 _aتاريخ العرب
650 1 7 _aالثورة العربية الكبرى
942 _2ddc
_cBK
999 _c82590
_d82590